00589 a2200157 4500040001300000082001600013100001600029245005500045260005300100300002900153500001900182650003100201942002500232999001500257952015900272 aDLCbDLC a621.381 JON aJones, Len. aBasic Electronics: for tomorrow's worldcLen Jones aGreat BritainbCambridge University Press,c1996 a253 p. :bill. ;c24 cm. aIncludes Index aElectricity.2.Electronics. cBKk621.381 JOH2ddc c7989d7989 001040708NFICaCLbCLcGENd2004-08-21eProgressive International Agenciesg419.49l1o621.381 JOHpSEECS004685r2019-10-10s2019-10-10w2017-01-05yBK